00809 2200313 4500001002100000005001500021035002000036007000300056008004100059020001800100082001200118084001800130100001900148245008700167260004500254300002300299650002700322520003000349990001300379990001300392990001100405990001300416990001100429990001100440990001100451990001100462990001100473990001100484INLIS00000000000209220180719092529 a0010-0718000044ta180719 g 0 ind  a9786020321431 a371.396 a371.396 WUR k0 aWURI, Nugraeni1 aKuliah Jurusan Apa? Fakultas Ilmu Sosial dan Ilmu Politik (FISIP) /cWuri Nugraeni aJakarta :bGramedia Pustaka Utama,c2015 a122 hlm. ;c20 cm. aKULIAH DAN PERKULIAHAN abibliografi: hlm. 121-122 a*16616a* a*16616b* a16616b a*16616a* a16616a a16616b a16616a a16616b a16616b a16616a